Skip to main content
Your cart is empty.
Your lists
Log in to create your own lists
Your cookies
العربية
English
العربية
Home
Search
Advanced search
Authority search
About
The noble scholar, jurist, historian
His Excellency Dr. Abdul Wahhab bin Ibrahim Abu Sulaiman, may Allah have mercy on him.
He was born in Umm Al-Qura in the year 1356 AH.
Library catalog
Title
Author
Subject
ISBN
ISSN
Series
Call number
Log in to your account
×
Login:
Password:
Home
MARC view: القواعد الأصولية المتعلقة بباب الحكم والمباحث والسنة والتطبيق عليها من كتاب فتح الباري لابن حجر العسقلاني /
Normal view
MARC view
ISBD view
القواعد الأصولية المتعلقة بباب الحكم والمباحث والسنة والتطبيق عليها من كتاب فتح الباري لابن حجر العسقلاني / (Record no. 13515)
[
view plain
]
MARC details
000 -LEADER
fixed length control field
01574ctm a22002891aa4500
003 - CONTROL NUMBER IDENTIFIER
control field
SA-RiAUC
005 - DATE AND TIME OF LATEST TRANSACTION
control field
20251214132939.0
007 - PHYSICAL DESCRIPTION FIXED FIELD--GENERAL INFORMATION
fixed length control field
co ug ---uuauu
008 - FIXED-LENGTH DATA ELEMENTS--GENERAL INFORMATION
fixed length control field
251210s1992 su fsbm 00000 ara c
040 ## - CATALOGING SOURCE
Original cataloging agency
SA-JeALM
Language of cataloging
ara
Transcribing agency
SA-RiAUC
Description conventions
rda
082 04 - DEWEY DECIMAL CLASSIFICATION NUMBER
Classification number
251.2
Assigning agency
SA-RiAUC
090 ## - LOCALLY ASSIGNED LC-TYPE CALL NUMBER (OCLC); LOCAL CALL NUMBER (RLIN)
Classification number (OCLC) (R) ; Classification number, CALL (RLIN) (NR)
ر 251.2
Local cutter number (OCLC) ; Book number/undivided call number, CALL (RLIN)
ا د ر
100 1# - MAIN ENTRY--PERSONAL NAME
Personal name
الإدريسي، أحمد فرحان ديوان
245 12 - TITLE STATEMENT
Title
القواعد الأصولية المتعلقة بباب الحكم والمباحث والسنة والتطبيق عليها من كتاب فتح الباري لابن حجر العسقلاني /
Statement of responsibility, etc.
أحمد فرحان ديوان الإدريسي ؛ إشراف حسين بن خلف الجبوري.
Medium
[ملف كمبيوتر] /
260 ## - PUBLICATION, DISTRIBUTION, ETC.
Date of publication, distribution, etc.
1992
264 ## - PRODUCTION, PUBLICATION, DISTRIBUTION, MANUFACTURE, AND COPYRIGHT NOTICE
Place of production, publication, distribution, manufacture
مكة المكرمة :
Name of producer, publisher, distributor, manufacturer
جامعة أم القرى
Date of production, publication, distribution, manufacture, or copyright notice
1993
300 ## - PHYSICAL DESCRIPTION
Extent
2 مجلد.
Dimensions
30 سم.
500 ## - GENERAL NOTE
General note
إهداء من المؤلف حسين بن خلف الجبوري.
500 ## - GENERAL NOTE
General note
أطروحة (دكتوراه)-جامعة أم القرى، كلية الشريعة، قسم الفقه وأصوله، 1992.
502 ## - DISSERTATION NOTE
Dissertation note
أطروحة (دكتوراه)-جامعة أم القرى، كلية الشريعة، قسم الفقه وأصوله، 1992.
650 #7 - SUBJECT ADDED ENTRY--TOPICAL TERM
Topical term or geographic name entry element
الأصولية الإسلامية
Source of heading or term
aucsh
700 12 - ADDED ENTRY--PERSONAL NAME
Personal name
ابن حجر العسقلاني، أحمد بن علي بن محمد،
Dates associated with a name
773-852 هجري
700 ## - ADDED ENTRY--PERSONAL NAME
Personal name
الجبوري, حسين بن خلف.
Relator term
إشراف
740 02 - ADDED ENTRY--UNCONTROLLED RELATED/ANALYTICAL TITLE
Uncontrolled related/analytical title
فتح الباري.
942 ## - ADDED ENTRY ELEMENTS (KOHA)
Source of classification or shelving scheme
Dewey Decimal Classification
Koha item type
رسالة علمية
Suppress in OPAC
No
949 ## - LOCAL PROCESSING INFORMATION (OCLC)
a
SA-JeALM
d
251210
u
mohamedma123
n
1
Holdings
Withdrawn status
Lost status
Source of classification or shelving scheme
Materials specified (bound volume or other part)
Damaged status
Not for loan
Collection
Home library
Current library
Date acquired
Total checkouts
Full call number
Barcode
Date last seen
Price effective from
Koha item type
Dewey Decimal Classification
الجزء الاول
اهداء
DR AbdElwahab Library
DR AbdElwahab Library
12/14/2025
ر 251.2 ا د ر
000021680
12/14/2025
12/14/2025
رسالة علمية
Dewey Decimal Classification
الجزء الثاني
اهداء
DR AbdElwahab Library
DR AbdElwahab Library
12/14/2025
ر 251.2 ا د ر
000021681
12/14/2025
12/14/2025
رسالة علمية
Place hold
Print
Add to your cart
(remove)
Save record
BIBTEX
Dublin Core
MARCXML
MARC (non-Unicode/MARC-8)
MARC (Unicode/UTF-8)
MARC (Unicode/UTF-8, Standard)
MODS (XML)
RIS
ISBD
More searches
Search for this title in:
Other Libraries (WorldCat)
Other Databases (Google Scholar)
Online Stores (Bookfinder.com)
Open Library (openlibrary.org)
Exporting to Dublin Core...
×
Simple DC-RDF
OAI-DC
SRW-DC